00880nam a22002417a 450000500170000001000130001702000220003003500130005203700160006504000120008108200160009310000250010924501030013426000360023727000590027330000210033250000490035365000190040265000350042194200250045699900190048195201380050020170124110101.0 aA-680533 c00.00a8171546960 aA-680533 bCen Lib/Ret aDPLbEN a954.01bKAN aKantak, M. R.927104 aThe first anglo-maratha war :cby M. R. Kantakb1774-1783 : a military study of major battles / aBombaybPopular Prakashanc1993 a35-C, Pandit Madan Mohan Malaviya MargbBombaye400034 a250p. c20cm(Hb) aIncludes bibliographical reference and index aMaratha927105 aMaratha War (1775-1782)927106 2ddccENh954.01mKAN c129676d129676 00104070aLbLd2015-07-07eCen Lib/Retg0.00l1m2o954.01 KANpA-680533r2019-09-01 00:00:00s2019-08-01t1v0.00w2015-07-07yEN